| 000 | 00755nam a2200253Ia 4500 | ||
|---|---|---|---|
| 003 | OSt | ||
| 005 | 20221005072958.0 | ||
| 006 | a|||||r|||| 00| 0 | ||
| 007 | ta | ||
| 008 | 221004b |||||||| |||| 00| 0 eng d | ||
| 020 | _a9789383930241 (hbk) | ||
| 024 | _a26021 | ||
| 037 |
_bGift, 21/04/2016, _cTextual |
||
| 040 |
_aCRL _cCRL _beng |
||
| 041 |
_2eng _aeng |
||
| 082 | _aV2:196,(U67).P1, Q5 | ||
| 100 |
_aDash Sandipani _9433788 |
||
| 245 | 0 |
_aDyanamcis of extractive resources in Africa _b Prospects for India |
|
| 260 |
_aNew Delhi _bG B Books India _c2015 |
||
| 300 |
_axii, 168p. _ccm. |
||
| 650 | _aHISTORY | ||
| 942 |
_hV2:196,(U67).P1, Q5 _cTEXL _2cc |
||
| 999 |
_c980343 _d980343 |
||